000 01040nam a2200229 i 4500
001 86283
003 ES-MaACL
005 20230906175420.0
007 t|
008 041221s1997 sp ||||1| spa d
080 _a75:069.538(430.129 Munich)
245 0 0 _aAlte Pinakothek [
_hRecurso electrónico].
260 _a[Madrid] :
_bE.M.M.E. Interactive,
_c[1997]
300 _a1 disco compacto (CD-ROM) :
_bson., col. ;
_c12 cm.
490 1 _aLos grandes museos de Europa ;
_v9
500 _aCaracterísticas del sistema: 486 DX o superior; Windows 3.1 o Windows 95; 8 Mb de memoria RAM; 3 Mb disponibles en el disco duro; pantalla 640 x 48s480, 32000 colores mínimo; lector de CD-Rom de doble velocidad; tarjeta Sound Blaster o compatible; Microsoft Mouse o compatible; altavoces o auriculares; ratón compatible Microsoft Windows.
500 _a"La Vanguardia"
610 2 _aAlte Pinakothek (Munich)-
_vCD-ROM.
_91341
830 0 _aLos grandes museos de Europa ;
_v9
_9183952
852 _aES-MaACL
_jROT 1/6/31
999 _c86283
_d86283